000 00922cad a22002055a 4500
001 E154257
008 111108s2011 xxk f 000 0 eng d
020 _a9781780453514
035 _a(Sirsi) u154257
041 0 _aeng
110 2 _aScotland
_bScottish Government
_95344
245 0 0 _aGreen infrastructure
_bdesign and placemaking
_h[electronic resource]
260 _aEdinburgh
_bScottish Government
_c2011
520 _aAdvises developers and planners on including green infrastructure in masterplans. Part 1 discusses definitions of green infrastructure and the benefits of its inclusion at design stage; part 2 looks specifically at masterplanning.
590 _aKA
651 4 _aScotland
_y1999-
690 _aENVIRONMENTAL AND LAND CONSULTANCY-PLANNING AND DEVELOPMENT
856 4 0 _uhttps://www.scotland.gov.uk/Publications/2011/11/04140525/0
_zView the item free of charge at www.scotland.gov.uk
942 _n0
999 _c112912
_d112912